| 000 | 01020nam0a2200325 4500 | ||
|---|---|---|---|
| 001 | RU\NLR\BIBL_A\010774385 | ||
| 005 | 20260405073512.0 | ||
| 010 |
_a978-5-17-089897-8 _93000 |
||
| 021 |
_aRU _b2015-31253 _91857 |
||
| 035 | _a(NILC)RuMoRGB-007918205 | ||
| 035 | _a(NLR Aleph) 010774385 | ||
| 090 |
_a10035903 _c10035903 |
||
| 100 | _a20150602d2015 |||y0rusy50 ca | ||
| 101 | 1 |
_arus _ceng |
|
| 102 | _aRU | ||
| 105 | _ay z 000ay | ||
| 200 | 1 |
_aИстория с кладбищем _e[роман] _fНил Гейман |
|
| 210 |
_aМосква _cАСТ _d2015 |
||
| 215 |
_a318, [1] с. _d20 |
||
| 225 | 1 | _aМиры Нила Геймана | |
| 333 | _a12+ | ||
| 686 | 1 | _aШ6(4Вл)67-445{Лх1299-62} | |
| 700 | 1 |
_8rus _7ca _aГейман _bН. _f1960- _gНил _3RU\NLR\AUTH\7720714 _93781 |
|
| 801 | 0 |
_aRU _bRuMoRKP _c20110531 _gRCR |
|
| 801 | 2 |
_aRU _bРГБ _c20150423 _grcr |
|
| 801 | 1 |
_aRU _bRuMoRKP _c20110531 _2rusmarc |
|
| 942 | _cBOOK | ||
| 980 | _aNB | ||